Competent to counsel / (Record no. 6250)
[ view plain ]
| 000 -LEADER | |
|---|---|
| fixed length control field | 01300cam a2200313Ii 4500 |
| 001 - CONTROL NUMBER | |
| control field | 3322908 |
| 003 - CONTROL NUMBER IDENTIFIER | |
| control field | OCoLC |
| 005 - DATE AND TIME OF LATEST TRANSACTION | |
| control field | 20190116125627.0 |
| 008 - FIXED-LENGTH DATA ELEMENTS--GENERAL INFORMATION | |
| fixed length control field | 771006s1970 miua b 001 0 eng d |
| 010 ## - LIBRARY OF CONGRESS CONTROL NUMBER | |
| LC control number | 76164584 |
| 020 ## - INTERNATIONAL STANDARD BOOK NUMBER | |
| International Standard Book Number | 0801000475 |
| 020 ## - INTERNATIONAL STANDARD BOOK NUMBER | |
| International Standard Book Number | 9780801000478 |
| 035 ## - SYSTEM CONTROL NUMBER | |
| System control number | (OCoLC)3322908 |
| Canceled/invalid control number | (OCoLC)37185965 |
| 040 ## - CATALOGING SOURCE | |
| Original cataloging agency | OKO |
| Language of cataloging | eng |
| Transcribing agency | OKO |
| Modifying agency | LMS |
| -- | FJU |
| -- | OCLCQ |
| -- | OCLCF |
| -- | CFT |
| -- | P4I |
| 050 #4 - LIBRARY OF CONGRESS CALL NUMBER | |
| Classification number | BV4012.2 |
| Item number | .A32 |
| 082 04 - DEWEY DECIMAL CLASSIFICATION NUMBER | |
| Classification number | 253.5 |
| Item number | A211C |
| 092 0# - LOCALLY ASSIGNED DEWEY CALL NUMBER (OCLC) | |
| Classification number | 253.5 |
| Item number | A2143co |
| 096 ## - LOCALLY ASSIGNED NLM-TYPE CALL NUMBER (OCLC) | |
| Classification number | BV 4012.2 A214c 1970 |
| 100 1# - MAIN ENTRY--PERSONAL NAME | |
| Personal name | Adams, Jay Edward. |
| 245 10 - TITLE STATEMENT | |
| Title | Competent to counsel / |
| Statement of responsibility, etc. | by Jay E. Adams. |
| 260 ## - PUBLICATION, DISTRIBUTION, ETC. | |
| Place of publication, distribution, etc. | Grand Rapids, Mich. : |
| Name of publisher, distributor, etc. | Baker Book House, |
| Date of publication, distribution, etc. | 1970. |
| 300 ## - PHYSICAL DESCRIPTION | |
| Extent | xxii, 287 p. : |
| Other physical details | ill. ; |
| Dimensions | 21 cm. |
| 504 ## - BIBLIOGRAPHY, ETC. NOTE | |
| Bibliography, etc. note | Includes bibliographical references. |
| 505 0# - FORMATTED CONTENTS NOTE | |
| Formatted contents note | Christianity and Psychiatry today -- The holy spirit and counseling -- What is wrong with the mentally ill? -- What is nouthetic counseling? -- The pastor as a nouthetic counselor -- nouthetic and Rogerian counseling -- Confess your sins -- Solving problems nouthetically -- Some principles of nouthetic techniques -- Communication and multiple counseling -- Christian school teachers as nouthetic counselors. |
| 650 #0 - SUBJECT ADDED ENTRY--TOPICAL TERM | |
| Topical term or geographic name entry element | Pastoral counseling. |
| 650 #2 - SUBJECT ADDED ENTRY--TOPICAL TERM | |
| Topical term or geographic name entry element | Counseling. |
| 650 #2 - SUBJECT ADDED ENTRY--TOPICAL TERM | |
| Topical term or geographic name entry element | Pastoral Care. |
| 942 ## - ADDED ENTRY ELEMENTS (KOHA) | |
| Source of classification or shelving scheme | Dewey Decimal Classification |
| Koha item type | Books |
| Withdrawn status | Lost status | Source of classification or shelving scheme | Damaged status | Not for loan | Collection code | Home library | Current library | Shelving location | Date acquired | Cost, normal purchase price | Total Checkouts | Full call number | Barcode | Date last seen | Price effective from | Koha item type |
|---|---|---|---|---|---|---|---|---|---|---|---|---|---|---|---|---|
| Dewey Decimal Classification | Non-fiction | Harvest Mission College | Harvest Mission College | General Stacks | 16.01.2019 | 1350.00 | 253.5 A211C | 007163 | 16.01.2019 | 16.01.2019 | Books |
